000 00485nam a2200181Ia 4500
001 9004
005 20260306160651.0
008 260306t2009||||xx |||||||||||||| ||spa||
041 _aESP
082 _a372.21
_bP78
100 _aPorstein, Ana María...[et. al.]
_eAUT
245 0 _aLa expresión corporal. Por una danza para todos:
_bexperiencias y reflexiones
260 _c2009
300 _a124 páginas :
_c25 cm.
650 _aGEN
654 _aCED
942 _cLIB
_dJUS
_fJUS
_2ddc
_n
999 _c9004
_d9004